=LDR 00000nam 2200000 4500 =001 INLIS000000000001042 =005 20130612085445 =008 ***********************************Ind** =035 ##$$0010-061300000001042 =041 ##$$a Ind =082 ##$$a 028.5 =090 ##$$a 028.5, Sma-i =100 ##$$a SMAS, Bung =245 ##$$a Ikrar di Bukit Aqabah, Kisah-kisah dalam Al-Qur'an, Bung Smas =260 ##$$a 1996 $b Bandung =300 ##$$a vii, 31 hlm, ilus, 28 cm =650 ##$$a Bacaan Kanak-kanak =850 ##$$a NBPNMAT